| 000 | 00522nam a2200181Ia 4500 | ||
|---|---|---|---|
| 008 | 090124s9999 xx 000 0 und d | ||
| 082 |
_b6313 _a149 |
||
| 100 | _aनाईक बापुराव शिवराम | ||
| 245 | _a कागद | ||
| 250 | _a1 | ||
| 260 | _c1942 | ||
| 300 | _a4+5+160+4 | ||
| 600 | _aनाईक बापुराव शिवराम | ||
| 630 | _a कागद | ||
| 700 | _aनाईक बापुराव शिवराम | ||
| 730 | _a कागद | ||
| 942 | _cBOOK | ||
| 999 |
_c120254 _d120254 |
||